[Event "aut_chT04"]
[Site "Fuerstenfeld"]
[Date "2004.11.21"]
[Round "3"]
[Board "3"]
[White "Shengelia, David"]
[Black "Horvath, Jozsef"]
[Result "1/2-1/2"]
[WhiteElo "2482"]
[BlackElo "2514"]
[PlyCount "61"]

1.e4 c5 2.b3 b6 3.Nc3 Bb7 4.Bb2 e6 5.g3 Nf6 6.Bg2 Be7 7.Nge2 O-O 8.O-O d5 9.exd5
Nxd5 10.Qe1 Na6 11.Nf4 Nac7 12.Ncxd5 exd5 13.Nh5 f6 14.Qd1 Qd7 15.d4 Rab8 16.Re1
Bd6 17.Qf3 Qf7 18.Bh3 Bc8 19.Bxc8 Rbxc8 20.dxc5 bxc5 21.Nf4 d4 22.Rad1 Rfd8
23.c3 c4 24.bxc4 Qxc4 25.Rxd4 Qxa2 26.Red1 Ne6 27.Rxd6 Rxd6 28.Rxd6 Nxf4 29.gxf4
Qxb2 30.Qd5+ Kf8 31.Rd8+

[Event "aut_chT04"]
[Site "Fuerstenfeld"]
[Date "2004.11.21"]
[Round "3"]
[Board "6"]
[White "Moser, Guenter"]
[Black "Bawart, Markus"]
[Result "1/2-1/2"]
[WhiteElo "2359"]
[BlackElo "2355"]
[PlyCount "28"]

1.d4 d5 2.Nf3 Nf6 3.g3 c5 4.Bg2 Nc6 5.O-O e6 6.b3 cxd4 7.Nxd4 Bc5 8.Bb2 O-O 9.e3
Qe7 10.Nd2 e5 11.Nxc6 bxc6 12.c4 Bg4 13.Qc2 Rac8 14.a3 h5

[Event "aut_chT04"]
[Site "Fuerstenfeld"]
[Date "2004.11.21"]
[Round "3"]
[Board "2"]
[White "Stangl, Markus"]
[Black "Tibensky, Robert"]
[Result "0-1"]
[WhiteElo "2478"]
[BlackElo "2442"]
[PlyCount "46"]

1.Nf3 Nf6 2.c4 e6 3.g3 d5 4.Bg2 Be7 5.O-O O-O 6.d4 c6 7.Qc2 Nbd7 8.Rd1 b6 9.b3
Ba6 10.Nbd2 Rc8 11.e4 c5 12.exd5 exd5 13.Nf1 cxd4 14.Nxd4 b5 15.Qe2 bxc4 16.Ne6
fxe6 17.Qxe6+ Kh8 18.Qxa6 Nc5 19.Qxa7 Ra8 20.Qxa8 Qxa8 21.bxc4 Nb3 22.Rb1 Qxa2
23.Rb2 Qa3

[Event "aut_chT04"]
[Site "Fuerstenfeld"]
[Date "2004.11.21"]
[Round "3"]
[Board "3"]
[White "Ganaus, Hannes"]
[Black "Lehner, Oliver"]
[Result "1/2-1/2"]
[WhiteElo "2315"]
[BlackElo "2406"]
[PlyCount "22"]

1.e4 c5 2.Nf3 e6 3.d3 Nc6 4.g3 d5 5.Qe2 Nf6 6.Bg2 Be7 7.O-O O-O 8.e5 Nd7 9.c4
Re8 10.Nc3 d4 11.Nb5 a6

[Event "aut_chT04"]
[Site "Fuerstenfeld"]
[Date "2005.01.13"]
[Round "4"]
[Board "2"]
[White "Schlosser, Philipp"]
[Black "Balogh, Csaba"]
[Result "1/2-1/2"]
[WhiteElo "2570"]
[BlackElo "2519"]
[PlyCount "53"]

1.Nf3 Nf6 2.c4 e6 3.Nc3 Bb4 4.g3 O-O 5.Bg2 d5 6.a3 Be7 7.d4 dxc4 8.Ne5 Nc6
9.Bxc6 bxc6 10.Nxc6 Qe8 11.Nxe7+ Qxe7 12.Qa4 c5 13.Qxc4 cxd4 14.Qxd4 e5 15.Qh4
Qe6 16.O-O Rb8 17.e4 Ba6 18.Rd1 Rfc8 19.Bg5 Rxb2 20.Bxf6 Qxf6 21.Qxf6 gxf6
22.Nd5 Rcc2 23.Ne7+ Kf8 24.Nf5 Ke8 25.Ng7+ Kf8 26.Nf5 Ke8 27.Ng7+

[Event "aut_chT04"]
[Site "Fuerstenfeld"]
[Date "2005.01.13"]
[Round "4"]
[Board "3"]
[White "Fogarasi, Tibor"]
[Black "Stangl, Markus"]
[Result "1-0"]
[WhiteElo "2442"]
[BlackElo "2478"]
[PlyCount "83"]

1.e4 c5 2.Nf3 d6 3.d4 cxd4 4.Nxd4 Nf6 5.Nc3 a6 6.Be2 g6 7.Be3 Bg7 8.Qd2 b5 9.f3
Bb7 10.a3 Nbd7 11.O-O-O Rc8 12.g4 Ne5 13.Bh6 Bxh6 14.Qxh6 Rxc3 15.bxc3 Qc7
16.Kb2 d5 17.g5 Nh5 18.exd5 Kd7 19.Rhe1 Rc8 20.Nc6 Bxc6 21.dxc6+ Kxc6 22.Bf1 Kb7
23.Re3 Ka8 24.Rde1 e6 25.Qxh7 Nc4+ 26.Bxc4 bxc4 27.Re4 Qd7 28.Kc1 Qe7 29.f4 Rf8
30.Rxc4 Qxa3+ 31.Kd2 Rd8+ 32.Rd4 Rc8 33.Re3 Qe7 34.f5 e5 35.fxg6 Qxg5 36.Rd6 Nf4
37.Rg3 Qe7 38.Rxa6+ Kb7 39.Qxf7 Rd8+ 40.Ke1 Qxf7 41.gxf7 Kxa6 42.Rg8

[Event "aut_chT04"]
[Site "Fuerstenfeld"]
[Date "2005.01.13"]
[Round "4"]
[Board "4"]
[White "Lehner, Oliver"]
[Black "Baumegger, Siegfried"]
[Result "1-0"]
[WhiteElo "2406"]
[BlackElo "2417"]
[PlyCount "63"]

1.e4 e5 2.Nf3 Nc6 3.Bb5 a6 4.Ba4 Nf6 5.O-O Be7 6.Re1 b5 7.Bb3 d6 8.c3 O-O 9.h3
Na5 10.Bc2 c5 11.d4 Qc7 12.Nbd2 cxd4 13.cxd4 Rd8 14.Nf1 exd4 15.Nxd4 d5 16.e5
Ne4 17.Ne3 Bc5 18.Re2 Bb7 19.e6 Bxd4 20.exf7+ Qxf7 21.Qxd4 Nc6 22.Qd1 Kh8 23.Ng4
Bc8 24.Ne5 Nxe5 25.Rxe4 Ng6 26.Rd4 Be6 27.Bg5 Rf8 28.Qd2 Rac8 29.Re1 Rc4 30.Bb3
Rxd4 31.Qxd4 Qd7 32.h4

[Event "aut_chT04"]
[Site "Fuerstenfeld"]
[Date "2005.01.13"]
[Round "4"]
[Board "5"]
[White "Kuba, Guenter"]
[Black "Weinzettl, Ernst"]
[Result "1-0"]
[WhiteElo "2364"]
[BlackElo "2360"]
[PlyCount "73"]

1.e4 e6 2.d4 d5 3.Nd2 Nf6 4.e5 Nfd7 5.f4 c5 6.c3 Nc6 7.Ndf3 Qb6 8.g3 f6 9.Ne2
Be7 10.Bh3 O-O 11.Bxe6+ Kh8 12.exf6 Nxf6 13.Bxc8 Raxc8 14.O-O cxd4 15.cxd4 Bd6
16.Nc3 Ne7 17.Qd3 g6 18.b3 Bb4 19.Na4 Qe6 20.Ne5 Ne4 21.Bb2 Qh3 22.Rac1 Rxc1
23.Bxc1 Nf5 24.g4 Nfg3 25.hxg3 Nxg3 26.Qf3 Rc8 27.Be3 Rc2 28.Rf2 Rxf2 29.Bxf2
Qf1+ 30.Kh2 Ne4 31.Be3 Qe1 32.Nc5 Bd2 33.Nxe4 dxe4 34.Bxd2 Qxd2+ 35.Qg2 Qxf4+
36.Kh1 e3 37.Qf3

[Event "aut_chT04"]
[Site "Fuerstenfeld"]
[Date "2005.01.13"]
[Round "4"]
[Board "6"]
[White "Hoellrigl, Wilfried"]
[Black "Wach, Markus"]
[Result "1/2-1/2"]
[WhiteElo "2234"]
[BlackElo "2369"]
[PlyCount "43"]

1.e4 d6 2.d4 Nf6 3.Nc3 c6 4.f4 Qa5 5.Bd3 e5 6.Nf3 Bg4 7.Be3 Nbd7 8.O-O Be7 9.h3
Bh5 10.Ne2 Bxf3 11.Rxf3 d5 12.Ng3 dxe4 13.Bxe4 exd4 14.Bxd4 Bc5 15.Bxc5 Qxc5+
16.Kh2 O-O-O 17.Rc3 Qb6 18.Qf3 Kc7 19.Rb3 Qc5 20.Rc3 Qb6 21.Rb3 Qc5 22.Rc3

[Event "aut_chT04"]
[Site "Fuerstenfeld"]
[Date "2005.01.13"]
[Round "4"]
[Board "1"]
[White "Bischoff, Klaus"]
[Black "Groszpeter, Attila"]
[Result "1/2-1/2"]
[WhiteElo "2555"]
[BlackElo "2524"]
[PlyCount "35"]

1.d4 Nf6 2.c4 e6 3.Nc3 Bb4 4.e3 O-O 5.Nge2 d5 6.a3 Be7 7.cxd5 exd5 8.g3 c6 9.Bg2
a5 10.h3 Na6 11.g4 Ne8 12.Ng3 Bh4 13.Nce2 Nac7 14.O-O Nd6 15.a4 f5 16.f3 Qe7
17.b3 Na6 18.Bd2

[Event "aut_chT04"]
[Site "Fuerstenfeld"]
[Date "2005.01.13"]
[Round "4"]
[Board "2"]
[White "Tibensky, Robert"]
[Black "Prusikin, Michael"]
[Result "1/2-1/2"]
[WhiteElo "2442"]
[BlackElo "2540"]
[PlyCount "46"]

1.d4 Nf6 2.Nf3 c5 3.d5 g6 4.Nc3 Bg7 5.e4 d6 6.Bb5+ Nbd7 7.a4 O-O 8.O-O a6 9.Be2
Rb8 10.Re1 Ne8 11.Bg5 h6 12.Bf4 Nc7 13.Qd2 Kh7 14.Nd1 Nf6 15.Bf1 Nh5 16.Bg3 Nxg3
17.hxg3 e6 18.dxe6 Bxe6 19.c3 d5 20.exd5 Nxd5 21.a5 Qc7 22.Ne3 Rbd8 23.Qc2 Nxe3

[Event "aut_chT04"]
[Site "Fuerstenfeld"]
[Date "2005.01.13"]
[Round "4"]
[Board "3"]
[White "Horvath, Jozsef"]
[Black "Ganaus, Hannes"]
[Result "1-0"]
[WhiteElo "2514"]
[BlackElo "2315"]
[PlyCount "81"]

1.c4 e6 2.Nf3 d5 3.b3 Nf6 4.g3 Be7 5.Bg2 b6 6.Bb2 Bb7 7.cxd5 exd5 8.O-O O-O
9.Qc2 Re8 10.d4 Na6 11.Nc3 Bf8 12.Rac1 Qe7 13.Qb1 g6 14.Ne5 c6 15.Rfe1 Bh6 16.f4
c5 17.e3 Rad8 18.Nb5 Ba8 19.g4 Nd7 20.g5 Bg7 21.Rc2 Nf8 22.Rf2 Nb4 23.Nc3 f5
24.gxf6 Bxf6 25.Ne2 Bh4 26.Ng3 Nc6 27.Rd1 cxd4 28.exd4 Bb7 29.f5 Nxe5 30.dxe5
gxf5 31.Qxf5 Qe6 32.Rd4 Ng6 33.Rxh4 Nxh4 34.Qg5+ Ng6 35.Rf6 Qd7 36.h4 d4 37.Bxb7
Qxb7 38.h5 Rd5 39.hxg6 h6 40.Qxh6 Rdxe5 41.Bxd4

[Event "aut_chT04"]
[Site "Fuerstenfeld"]
[Date "2005.01.13"]
[Round "4"]
[Board "4"]
[White "Wallner, Joachim"]
[Black "Pilaj, Herwig"]
[Result "0-1"]
[WhiteElo "2278"]
[BlackElo "2426"]
[PlyCount "104"]

1.d4 d5 2.Nf3 Nf6 3.c4 c6 4.cxd5 cxd5 5.Nc3 Nc6 6.Bf4 a6 7.e3 Bg4 8.Bd3 e6 9.O-O
Bd6 10.h3 Bh5 11.Bxd6 Qxd6 12.a3 O-O 13.b4 b5 14.Rc1 Rac8 15.Be2 Bxf3 16.Bxf3
Ne7 17.Qb3 Nf5 18.a4 Qb6 19.axb5 axb5 20.Na2 Nd6 21.Rxc8 Rxc8 22.Rc1 Nc4 23.Rc2
Ra8 24.Nc1 Ra1 25.Kh2 g6 26.Na2 h5 27.Rc1 Qc7+ 28.Kg1 Rxc1+ 29.Nxc1 Nd2 30.Qd1
Qc3 31.Be2 Nc4 32.Nd3 Ne4 33.Qe1 Ned2 34.Qc1 Qb3 35.Qa1 Qa4 36.Qc1 Kg7 37.Qc3
Ne4 38.Qe1 Qc2 39.Qd1 Qa2 40.Bf1 Nc3 41.Qe1 Qb3 42.Qa1 Nd2 43.Qb2 Qd1 44.Qxc3
Nxf1 45.Qe1 Nxe3 46.fxe3 Qxd3 47.Kh2 h4 48.Qf2 Qc3 49.Qf4 Qxb4 50.Qe5+ Kg8
51.Qb8+ Kh7 52.Qf4 Qe7

[Event "aut_chT04"]
[Site "Fuerstenfeld"]
[Date "2005.01.13"]
[Round "4"]
[Board "5"]
[White "Hoelzl, Franz"]
[Black "Brustkern, Juergen"]
[Result "1-0"]
[WhiteElo "2370"]
[BlackElo "2251"]
[PlyCount "79"]

1.e4 c5 2.d3 Nc6 3.g3 d5 4.Nc3 d4 5.Nce2 e5 6.f4 h5 7.Bg2 h4 8.f5 Nf6 9.Bf3 Be7
10.g4 Nh7 11.Nh3 Ng5 12.Neg1 Nxh3 13.Nxh3 g5 14.Qd2 f6 15.Ng1 b6 16.Be2 Ba6
17.Nf3 Qd7 18.O-O O-O 19.a3 Rac8 20.Qe1 Nd8 21.Bxg5 fxg5 22.Nxe5 Qd6 23.Nf3 Qf4
24.Rf2 Qxg4+ 25.Kh1 Qf4 26.Nxg5 Qe3 27.Nf3 Qh6 28.Rg2+ Kh8 29.Rg6 Qf4 30.Qg1 Nf7
31.Rf1 Bb7 32.Ne1 Qe3 33.Qg4 Nh6 34.Qh5 Rf6 35.Ng2 Qd2 36.Rd1 Qxd1+ 37.Bxd1 Rxg6
38.Qxg6 Ng8 39.Nf4 Rc6 40.Qf7

[Event "aut_chT04"]
[Site "Fuerstenfeld"]
[Date "2005.01.13"]
[Round "4"]
[Board "6"]
[White "Zetthofer, Gerald"]
[Black "Genser, Harald"]
[Result "1/2-1/2"]
[WhiteElo "2249"]
[BlackElo "2298"]
[PlyCount "51"]

1.d4 d5 2.c4 c6 3.Nc3 Nf6 4.cxd5 cxd5 5.Bf4 Nc6 6.Nf3 a6 7.e3 Bg4 8.h3 Bxf3
9.Qxf3 e6 10.Bd3 Bd6 11.Bg5 Be7 12.O-O O-O 13.Rac1 Rc8 14.Qe2 Nd7 15.Bf4 Nb6
16.Nb1 Nb4 17.b3 Qd7 18.Qd2 Nxd3 19.Qxd3 Rc6 20.Qd2 Rfc8 21.a3 Rxc1 22.Rxc1 Rc6
23.Rxc6 Qxc6 24.a4 Kf8 25.Qc3 Qxc3 26.Nxc3

[Event "aut_chT04"]
[Site "Fuerstenfeld"]
[Date "2005.01.13"]
[Round "4"]
[Board "1"]
[White "Wells, Peter"]
[Black "Milov, Vadim"]
[Result "1/2-1/2"]
[WhiteElo "2519"]
[BlackElo "2668"]
[PlyCount "103"]

1.Nf3 Nf6 2.c4 g6 3.Nc3 Bg7 4.d4 O-O 5.e4 d6 6.Be2 Na6 7.O-O e5 8.Be3 Ng4 9.Bg5
Qe8 10.dxe5 dxe5 11.h3 h6 12.Bd2 Nf6 13.Be3 Qe7 14.Nd5 Qd8 15.Nxf6+ Qxf6 16.c5
Nb8 17.b4 Nc6 18.b5 Rd8 19.Qc2 Nd4 20.Bxd4 exd4 21.Rad1 Qe7 22.Bc4 c6 23.bxc6
bxc6 24.e5 Bf5 25.Bd3 Bxd3 26.Rxd3 Rd5 27.Rxd4 Rxc5 28.Rc4 Rxc4 29.Qxc4 c5
30.Re1 Rb8 31.e6 fxe6 32.Rxe6 Qf7 33.Qe4 Rb1+ 34.Kh2 Rb4 35.Qxg6 Qxg6 36.Rxg6 c4
37.Rg4 Ra4 38.Kg1 Kf7 39.Kf1 Bc3 40.Re4 Rxa2 41.Rxc4 Ba5 42.Ne5+ Ke6 43.Ng4 Bd2
44.Ne3 Bxe3 45.Re4+ Kd5 46.Rxe3 a5 47.f4 a4 48.f5 Rb2 49.f6 Rb8 50.Ra3 Ke6
51.Rxa4 Kxf6 52.Kf2

[Event "aut_chT04"]
[Site "Fuerstenfeld"]
[Date "2005.01.13"]
[Round "4"]
[Board "2"]
[White "Ruck, Robert"]
[Black "Horvath, Adam"]
[Result "1-0"]
[WhiteElo "2554"]
[BlackElo "2538"]
[PlyCount "55"]

1.Nf3 c5 2.c4 Nc6 3.e3 Nf6 4.d4 cxd4 5.exd4 d5 6.Nc3 e6 7.c5 Be7 8.Bb5 O-O 9.O-O
Ne4 10.Re1 Nxc3 11.bxc3 Bd7 12.Bf4 b6 13.cxb6 axb6 14.Re3 Ra3 15.Bxc6 Bxc6
16.Ne5 Be8 17.Qg4 Bf6 18.Rg3 Qa8 19.Qe2 Qa6 20.Qd2 Qa7 21.Bh6 Kh8 22.Bxg7+ Bxg7
23.Rxg7 Kxg7 24.Qg5+ Kh8 25.Qf6+ Kg8 26.Ng4 h6 27.Nxh6+ Kh7 28.Ng4

[Event "aut_chT04"]
[Site "Fuerstenfeld"]
[Date "2005.01.13"]
[Round "4"]
[Board "3"]
[White "Kotz, Heinz Peter"]
[Black "Ribli, Zoltan"]
[Result "1/2-1/2"]
[WhiteElo "2347"]
[BlackElo "2603"]
[PlyCount "106"]

1.e4 c5 2.c3 d5 3.exd5 Qxd5 4.d4 Nf6 5.Nf3 e6 6.Be2 cxd4 7.cxd4 Nc6 8.Nc3 Qd6
9.O-O Be7 10.Qb3 O-O 11.Rd1 b6 12.Bg5 Bb7 13.Qa4 Rac8 14.Ba6 Bxa6 15.Qxa6 Qb8
16.Qb5 Rfd8 17.d5 Nxd5 18.Nxd5 exd5 19.Rxd5 Bxg5 20.Nxg5 Nd4 21.Rxd4 Rxd4 22.Qf5
Rh4 23.g3 Rh6 24.Qxf7+ Kh8 25.Qd5 Rf8 26.Nf7+ Rxf7 27.Qxf7 Rf6 28.Qe7 Rf8 29.Re1
h6 30.Re6 Qc8 31.Qd6 Rf5 32.Re2 Qc1+ 33.Kg2 Qc4 34.Qe6 Qxe6 35.Rxe6 Ra5 36.a3
Rb5 37.b4 a5 38.Re4 Rd5 39.Re8+ Kh7 40.bxa5 Rxa5 41.Re3 Rb5 42.g4 Rb2 43.Kg3 b5
44.h4 b4 45.axb4 Rxb4 46.h5 Kg8 47.f4 Kf7 48.Rc3 Ra4 49.Rc7+ Kf6 50.Rc6+ Kf7
51.g5 hxg5 52.fxg5 Ra3+ 53.Kf4 Ra4+

[Event "aut_chT04"]
[Site "Fuerstenfeld"]
[Date "2005.01.13"]
[Round "4"]
[Board "4"]
[White "Brestian, Egon"]
[Black "Fahrner, Kurt"]
[Result "1/2-1/2"]
[WhiteElo "2415"]
[BlackElo "2339"]
[PlyCount "53"]

1.c4 c6 2.b3 d5 3.Bb2 Bf5 4.Nf3 e6 5.g3 h6 6.Bg2 Nf6 7.O-O Be7 8.d3 O-O 9.Nbd2
Nbd7 10.Qc2 a5 11.a3 Qb6 12.Bc3 Rfd8 13.Qb2 Ne8 14.b4 Bf6 15.e4 Bxc3 16.Qxc3 Bh7
17.c5 Qc7 18.e5 d4 19.Qxd4 Nf8 20.Qb2 Bxd3 21.Rfe1 Ng6 22.Nb3 axb4 23.axb4 Rxa1
24.Qxa1 Qb8 25.Na5 Nc7 26.Nd4 Qa8 27.Qd1

[Event "aut_chT04"]
[Site "Fuerstenfeld"]
[Date "2005.01.13"]
[Round "4"]
[Board "6"]
[White "Bawart, Markus"]
[Black "Pfaffel, Thomas"]
[Result "1-0"]
[WhiteElo "2355"]
[BlackElo "2132"]
[PlyCount "81"]

1.e4 c5 2.Nf3 d6 3.d4 cxd4 4.Nxd4 Nf6 5.Nc3 a6 6.Be3 e5 7.Nb3 Be7 8.f3 Be6 9.Nd5
Nxd5 10.exd5 Bf5 11.Qd2 Nd7 12.Na5 Qc7 13.Rc1 Bg6 14.h4 f5 15.h5 Bf7 16.Bd3 Nf6
17.c4 f4 18.Bf2 Nxh5 19.c5 dxc5 20.d6 Bxd6 21.Nxb7 Be7 22.Nxc5 Qd6 23.Nxa6 O-O
24.Bc5 Qd8 25.Nb4 Bxc5 26.Rxc5 Qd4 27.Rc7 g6 28.Be4 Qb6 29.Rxf7 Kxf7 30.Bxa8
Rxa8 31.Nd5 Qd8 32.Nc3 Qa5 33.Qd7+ Kg8 34.Qe6+ Kg7 35.Qe7+ Kg8 36.Kd1 Rb8
37.Qe6+ Kg7 38.Kc2 Rb6 39.Qe7+ Kh6 40.Qf8+ Kg5 41.Ne4#

[Event "aut_chT04"]
[Site "Fuerstenfeld"]
[Date "2005.01.13"]
[Round "4"]
[Board "1"]
[White "Lanka, Zigurds"]
[Black "Baklan, Vladimir"]
[Result "1/2-1/2"]
[WhiteElo "2455"]
[BlackElo "2578"]
[PlyCount "79"]

1.e4 e6 2.d4 d5 3.Nc3 Nf6 4.Bg5 dxe4 5.Nxe4 Nbd7 6.Bd3 h6 7.Bh4 Be7 8.Nxf6+ Nxf6
9.c3 O-O 10.Qe2 Nd5 11.Bg3 c5 12.dxc5 Bxc5 13.Nf3 Qb6 14.O-O Bd7 15.Ne5 Be8
16.Rad1 a6 17.Bb1 f5 18.c4 Nf6 19.Nd3 Bh5 20.Qe1 Bxd1 21.Nxc5 Rfe8 22.Nd3 Bh5
23.c5 Qb5 24.f3 Rad8 25.Qc3 Nd5 26.Qe1 b6 27.b4 bxc5 28.bxc5 Bg6 29.Ne5 Bh7
30.c6 Rc8 31.Bd3 Qa4 32.Bc4 f4 33.Bf2 Bf5 34.Qc1 Red8 35.Bb3 Qb5 36.Re1 Rd6
37.g4 fxg3 38.hxg3 Rdxc6 39.Nxc6 Rxc6 40.Qd1

[Event "aut_chT04"]
[Site "Fuerstenfeld"]
[Date "2005.01.13"]
[Round "4"]
[Board "2"]
[White "Kindermann, Stefan"]
[Black "Maiwald, Jens-Uwe"]
[Result "1/2-1/2"]
[WhiteElo "2536"]
[BlackElo "2514"]
[PlyCount "53"]

1.e4 d6 2.d4 Nf6 3.Nc3 e5 4.Nf3 Nbd7 5.Bc4 Be7 6.O-O O-O 7.a4 c6 8.Re1 a5 9.b3
exd4 10.Nxd4 Nb6 11.Bd3 d5 12.e5 Ne8 13.Bd2 g6 14.Nce2 Ng7 15.Nf4 c5 16.Nb5 Be6
17.Nxe6 fxe6 18.Qg4 c4 19.Bf1 cxb3 20.cxb3 Bc5 21.Be3 Nd7 22.Qh3 Bxe3 23.Qxe3
Nf5 24.Qh3 Nc5 25.Bd3 Nh4 26.Bc2 Qe7 27.Qe3

[Event "aut_chT04"]
[Site "Fuerstenfeld"]
[Date "2005.01.13"]
[Round "4"]
[Board "3"]
[White "Gross, David"]
[Black "Kosten, Anthony C."]
[Result "1/2-1/2"]
[WhiteElo "2465"]
[BlackElo "2527"]
[PlyCount "124"]

1.e4 c5 2.Nf3 d6 3.d4 cxd4 4.Nxd4 Nf6 5.Nc3 a6 6.Be3 e5 7.Nf3 Be7 8.Bc4 O-O
9.O-O Be6 10.Qe2 Bxc4 11.Qxc4 b5 12.Qe2 b4 13.Nd5 Nxd5 14.exd5 Nd7 15.a3 a5
16.axb4 axb4 17.Qc4 Nf6 18.Bd2 Qc8 19.Qb3 Qc5 20.Bxb4 Qxd5 21.Qxd5 Nxd5 22.Ba3
Rfc8 23.c3 f6 24.Rfd1 Nb6 25.Bb4 Kf7 26.Kf1 Ke6 27.h4 h5 28.g3 Nd5 29.Ba3 Nxc3
30.bxc3 Rxc3 31.Nd4+ exd4 32.Bb2 Rxa1 33.Bxa1 Rc2 34.Bxd4 d5 35.Re1+ Kd7 36.Ra1
Bd6 37.Ra7+ Rc7 38.Ra2 Rc4 39.Rd2 Bb4 40.Rd3 Ke6 41.Ke2 Rc2+ 42.Kf3 Ra2 43.Rd1
Kf5 44.Be3 Ra5 45.Rd3 Bd6 46.Rd1 Be5 47.Rd3 g5 48.hxg5 fxg5 49.Bd4 Bd6 50.Bc3
Rb5 51.Ke2 g4 52.Rd1 Bc7 53.Kd3 Bb6 54.Bd4 Ba5 55.Rh1 Kg6 56.Ra1 Kg5 57.Be3+ Kf5
58.Bd4 Bd8 59.Ra8 Bg5 60.Rf8+ Ke6 61.Rg8 Kf5 62.Rf8+ Kg6

[Event "aut_chT04"]
[Site "Fuerstenfeld"]
[Date "2005.01.13"]
[Round "4"]
[Board "4"]
[White "Freitag, Manfred"]
[Black "Tabernig, Bernhard"]
[Result "1/2-1/2"]
[WhiteElo "2396"]
[BlackElo "2344"]
[PlyCount "125"]

1.d4 d5 2.c4 e6 3.Nf3 c6 4.e3 Nf6 5.Nc3 Nbd7 6.Qc2 Bd6 7.Bd3 dxc4 8.Bxc4 O-O
9.O-O Qe7 10.e4 e5 11.h3 b5 12.Bb3 exd4 13.Nxd4 Qe5 14.Nf3 Qh5 15.Re1 Ne5
16.Nxe5 Bxe5 17.f4 Bd4+ 18.Be3 Bxe3+ 19.Rxe3 Qh6 20.Qf2 Be6 21.e5 Bxb3 22.exf6
b4 23.axb3 bxc3 24.fxg7 Rfe8 25.Rxc3 Re4 26.Ra4 Rae8 27.Rxe4 Rxe4 28.f5 Qd6
29.f6 Rd4 30.Rc1 Rf4 31.Qxa7 Rxf6 32.Qc5 Kxg7 33.Qxd6 Rxd6 34.Kf1 Kf8 35.Ke2 Ke7
36.Rc3 Rg6 37.Kf3 Kd6 38.b4 Rf6+ 39.Ke3 Re6+ 40.Kf2 Re4 41.Rd3+ Ke5 42.Rb3 Kd5
43.Kf3 Rd4 44.Ke3 Re4+ 45.Kd3 Rd4+ 46.Kc2 Rc4+ 47.Kb1 Rf4 48.Ka2 h5 49.Ka3 Rf1
50.Rd3+ Ke5 51.Rc3 Kd6 52.Rf3 Rxf3+ 53.gxf3 Ke5 54.Kb3 Kd4 55.Ka4 Ke3 56.Ka5
Kxf3 57.Kb6 Kg2 58.Kxc6 f5 59.b5 f4 60.b6 f3 61.b7 f2 62.b8=Q f1=Q 63.b4

[Event "aut_chT04"]
[Site "Fuerstenfeld"]
[Date "2005.01.13"]
[Round "4"]
[Board "5"]
[White "Kroell, Johannes"]
[Black "Karner, Christoph"]
[Result "1/2-1/2"]
[WhiteElo "2234"]
[BlackElo "2370"]
[PlyCount "65"]

1.Nc3 c5 2.g4 Nc6 3.Bg2 d6 4.e4 e5 5.d3 Be7 6.Nd5 Nf6 7.Nxe7 Qxe7 8.g5 Nd7 9.Ne2
Nb6 10.Ng3 g6 11.a4 Be6 12.a5 Nd7 13.f4 exf4 14.Bxf4 Nde5 15.O-O Bg4 16.Qc1 Nd4
17.h3 Bd7 18.Rf2 O-O 19.Qe3 Ne6 20.Raf1 Nc6 21.Ra1 Ncd4 22.a6 b6 23.h4 Rae8
24.c3 Nc6 25.Ne2 Ne5 26.Qg3 Ng7 27.Bxe5 dxe5 28.c4 Nh5 29.Qe3 f6 30.Bf3 Ng7
31.Nc3 Bc6 32.Nd5 Bxd5 33.cxd5

[Event "aut_chT04"]
[Site "Fuerstenfeld"]
[Date "2005.01.13"]
[Round "4"]
[Board "6"]
[White "Singer, Richard"]
[Black "Schiestl, Josef"]
[Result "1-0"]
[WhiteElo "2280"]
[BlackElo "2139"]
[PlyCount "113"]

1.d4 Nf6 2.Nf3 g6 3.g3 Bg7 4.Bg2 O-O 5.c4 d6 6.Nc3 Nc6 7.O-O a6 8.h3 Bd7 9.Bg5
h6 10.Be3 Rb8 11.Qc1 Kh7 12.d5 Na5 13.Nd2 c5 14.a3 b5 15.cxb5 axb5 16.b4 cxb4
17.axb4 Nc4 18.Nxc4 bxc4 19.b5 Bxb5 20.Nxb5 Rxb5 21.Qxc4 Qd7 22.Ra7 Rb7 23.Rxb7
Qxb7 24.Rc1 Rb8 25.Qc7 Nd7 26.Ba7 Qxc7 27.Rxc7 Rd8 28.e4 Bf6 29.Kf1 Ne5 30.Ke2
Rd7 31.Rxd7 Nxd7 32.f4 Kg7 33.Kd3 Kf8 34.Kc4 Ke8 35.Kb5 Bc3 36.Bf2 Kd8 37.Bf3
Kc7 38.Bd1 Kb7 39.Ba4 Kc7 40.Kc4 Ba5 41.Kd3 Kd8 42.Bxd7 Kxd7 43.g4 f6 44.h4 Ke8
45.h5 g5 46.fxg5 fxg5 47.Bd4 Kf7 48.Kc4 Bd2 49.e5 dxe5 50.Bxe5 Bf4 51.Bxf4 gxf4
52.Kd3 Kf6 53.Ke4 Kg5 54.Kf3 e5 55.d6 Kf6 56.g5+ hxg5 57.d7

[Event "aut_chT04"]
[Site "Fuerstenfeld"]
[Date "2005.01.13"]
[Round "4"]
[Board "1"]
[White "Gyimesi, Zoltan"]
[Black "Shchekachev, Andrei"]
[Result "1-0"]
[WhiteElo "2602"]
[BlackElo "2559"]
[PlyCount "117"]

1.d4 Nf6 2.c4 e6 3.Nf3 b6 4.g3 Ba6 5.b3 Bb4+ 6.Bd2 Be7 7.Bg2 Bb7 8.O-O O-O 9.Nc3
Na6 10.Bf4 d5 11.Ne5 c5 12.cxd5 exd5 13.Rc1 Re8 14.dxc5 Nxc5 15.Nb5 Nfe4 16.Nd3
Ne6 17.Nc7 Nxc7 18.Bxc7 Qd7 19.Be5 Rac8 20.Rxc8 Rxc8 21.Nf4 Qc6 22.Qa1 Bf6
23.Bxf6 Qxf6 24.Bxe4 Qxa1 25.Bxh7+ Kxh7 26.Rxa1 g5 27.Nd3 Rc2 28.e3 d4 29.exd4
Rd2 30.Ne5 f6 31.Nc4 Rxd4 32.h3 b5 33.Ne3 Be4 34.Rd1 Rxd1+ 35.Nxd1 b4 36.Ne3 Bb1
37.Nc4 Bxa2 38.Nd2 a5 39.Kf1 Kg6 40.Ke2 Kf5 41.Kd3 Ke5 42.Nc4+ Kf5 43.Ne3+ Ke6
44.Kc2 a4 45.bxa4 Kd6 46.Kb2 Bf7 47.h4 Kc5 48.Nf5 gxh4 49.gxh4 Be8 50.a5 Bg6
51.Ng3 Kb5 52.h5 Bh7 53.h6 Kxa5 54.Nh5 f5 55.Nf6 Bg6 56.f4 Kb5 57.h7 Bxh7
58.Nxh7 Kc4 59.Nf8

[Event "aut_chT04"]
[Site "Fuerstenfeld"]
[Date "2005.01.13"]
[Round "4"]
[Board "2"]
[White "Hertneck, Gerald"]
[Black "Ftacnik, Lubomir"]
[Result "0-1"]
[WhiteElo "2547"]
[BlackElo "2539"]
[PlyCount "80"]

1.d4 Nf6 2.c4 g6 3.Nc3 d5 4.Bf4 Bg7 5.e3 c5 6.dxc5 Qa5 7.Qa4+ Qxa4 8.Nxa4 Bd7
9.Nc3 Ne4 10.Nxd5 Na6 11.f3 Nexc5 12.O-O-O e6 13.Nc3 Bxc3 14.bxc3 f6 15.Bd6 Rc8
16.Nh3 Na4 17.Kc2 Nb6 18.Rb1 Kf7 19.Nf2 Rhd8 20.Ba3 f5 21.Be2 Ba4+ 22.Kc1 Rd7
23.Rxb6 axb6 24.Nd3 Kf6 25.Nb2 Bc6 26.Rd1 Rxd1+ 27.Bxd1 Nc5 28.Bb4 Ra8 29.a3 Rd8
30.Bc2 e5 31.a4 e4 32.a5 exf3 33.gxf3 Bxf3 34.axb6 Rc8 35.Nd3 Nd7 36.c5 Be4
37.Kd2 Bxd3 38.Kxd3 Nxc5+ 39.Kd4 Ne6+ 40.Kd5 Rc6

[Event "aut_chT04"]
[Site "Fuerstenfeld"]
[Date "2005.01.13"]
[Round "4"]
[Board "3"]
[White "Babula, Vlastimil"]
[Black "Zelcic, Robert"]
[Result "1/2-1/2"]
[WhiteElo "2566"]
[BlackElo "2514"]
[PlyCount "45"]

1.d4 Nf6 2.c4 e6 3.Nf3 Bb4+ 4.Bd2 a5 5.Nc3 b6 6.e3 Ba6 7.Bd3 d5 8.b3 Nbd7 9.O-O
O-O 10.Qe2 c5 11.cxd5 cxd4 12.Nxd4 Bxd3 13.Qxd3 Nc5 14.Qe2 Bxc3 15.Bxc3 Nxd5
16.Bb2 Rc8 17.Rad1 Qh4 18.g3 Qe7 19.Nf5 exf5 20.Rxd5 Qe4 21.Rfd1 Ne6 22.f3 Qc2
23.R5d2

[Event "aut_chT04"]
[Site "Fuerstenfeld"]
[Date "2005.01.13"]
[Round "4"]
[Board "4"]
[White "Lendwai, Reinhard"]
[Black "Stanec, Nikolaus"]
[Result "0-1"]
[WhiteElo "2412"]
[BlackElo "2566"]
[PlyCount "94"]

1.e4 e6 2.d4 d5 3.exd5 exd5 4.c4 Nf6 5.Nc3 Be7 6.Nf3 O-O 7.Be2 dxc4 8.Bxc4 Bg4
9.O-O Nbd7 10.h3 Bh5 11.Re1 Nb6 12.Bb3 c6 13.g4 Bg6 14.Ne5 Nfd5 15.f4 f5 16.Nxg6
hxg6 17.g5 Bd6 18.Qf3 Bc7 19.h4 Kf7 20.h5 Rh8 21.hxg6+ Kxg6 22.Re6+ Kf7 23.Qe2
Rh4 24.g6+ Kf8 25.Nxd5 Nxd5 26.Qd3 Rh5 27.Qg3 Qd7 28.Re2 Re8 29.Rh2 Nf6 30.Rxh5
Nxh5 31.Qf2 Re4 32.Bd2 Nxf4 33.Bb4+ Ke8 34.Bf7+ Kd8 35.Qh4+ Kc8 36.Qh8+ Qd8
37.Qxd8+ Bxd8 38.Bc3 Bf6 39.Kf2 Bxd4+ 40.Bxd4 Rxd4 41.Rh1 Rd6 42.Rh7 Nxg6
43.Rxg7 Ne5 44.Bb3 f4 45.Re7 Rd2+ 46.Kf1 Nd3 47.Be6+ Kb8

[Event "aut_chT04"]
[Site "Fuerstenfeld"]
[Date "2005.01.13"]
[Round "4"]
[Board "5"]
[White "Weiss, Christian"]
[Black "Danner, Georg"]
[Result "1-0"]
[WhiteElo "2422"]
[BlackElo "2435"]
[PlyCount "81"]

1.d4 d5 2.c4 c6 3.Nc3 dxc4 4.a4 e5 5.e3 exd4 6.exd4 Be6 7.Nf3 Nf6 8.Be2 Be7
9.Ne5 O-O 10.O-O c5 11.Bf3 Nc6 12.Bxc6 bxc6 13.Nxc6 Qd7 14.d5 Bd6 15.dxe6 Qxc6
16.Qe2 Rae8 17.exf7+ Rxf7 18.Qxc4 h5 19.h3 Bb8 20.Bg5 Ne4 21.Nxe4 Rxe4 22.Qb3
Qc7 23.g3 h4 24.Rad1 c4 25.Qc2 Qe5 26.Rd8+ Rf8 27.Rxf8+ Kxf8 28.Bf4 Rxf4 29.gxf4
Qxf4 30.f3 Be5 31.Kh1 Ke7 32.Qg2 Kd6 33.Re1 Kc5 34.Qe2 Bd6 35.b3 cxb3 36.Qb5+
Kd4 37.Re4+ Qxe4 38.fxe4 Kc3 39.Qc6+ Kb2 40.Qxd6 Ka2 41.Qd5

[Event "aut_chT04"]
[Site "Fuerstenfeld"]
[Date "2005.01.13"]
[Round "4"]
[Board "6"]
[White "Ljubic, Juro"]
[Black "Knoll, Hermann"]
[Result "0-1"]
[WhiteElo "2178"]
[BlackElo "2356"]
[PlyCount "84"]

1.e4 c5 2.Nf3 d6 3.d4 cxd4 4.Nxd4 Nf6 5.Nc3 a6 6.g3 e5 7.Nde2 Be6 8.Bg2 Nbd7
9.O-O b5 10.Nd5 Bxd5 11.exd5 Be7 12.h3 Qc7 13.Be3 O-O 14.a4 Rfc8 15.axb5 axb5
16.Rxa8 Rxa8 17.Qd3 b4 18.c3 bxc3 19.Nxc3 Rb8 20.Rc1 Qa5 21.Rc2 Bf8 22.Kh2 g6
23.Qc4 h6 24.Bf1 Kg7 25.Nb5 Qa1 26.b4 Nb6 27.Bxb6 Rxb6 28.Nc7 Be7 29.b5 Bd8
30.Rc1 Qb2 31.Rc2 Qb1 32.Rc1 Qf5 33.Kg2 Rb7 34.Na8 Rb8 35.Qa2 Ne4 36.Nc7 Ng5
37.Kh2 Nf3+ 38.Kg2 Ng5 39.Kh2 Bxc7 40.Rxc7 Rxb5 41.Rc6 Ra5 42.Qb2 Rxd5